=LDR 00000nam 2200000 4500 =001 INLIS000000000026378 =005 20130612124826 =008 ***********************************Ind** =035 ##$$0010-061300000026378 =041 ##$$a Ind =082 ##$$a 796.334 04 =090 ##$$a 796.334 04, Pal p =100 ##$$a Palupi, Srie Agustina =245 ##$$a Politik dan sepak bola di Jawa, 1920-1924, Srie Agustina Palupi =260 ##$$a 2004 $b Yogyakarta =300 ##$$a xxx, 120 hlm, 21 cm =650 ##$$a Sepak Bola =850 ##$$a NBPNMAT